La espada de bambú y otros relatos de samuráis (Registro nro. 12018)

Detalles MARC
000 -Cabecera
Campo de control de longitud fija 00692nam a22002297a 4500
005 - Fecha y hora de la última transacción
Campo de control 20250526165048.0
008 - Elementos de longitud fija--Información general
Campo de control de longitud fija 190605b2018 xxu||||| |||| 00| 0 spa d
020 ## - International Standard Book Number
Número Internacional Estándar del Libro (ISBN) 9788494716959
041 ## - Idioma
Código de idioma Español
082 ## - Clasificación Decimal Dewey
Número de clasificación 895.6 F961e
100 ## - Entrada principal--Autor personal
Nombre personal Fujisawa, Shuhei
245 ## - Título propiamente dicho
Título La espada de bambú y otros relatos de samuráis
260 ## - Pie de imprenta
Lugar de publicación, distribución, etc. España
260 ## - Pie de imprenta
Nombre del editor, distribuidor, etc. Quaterni
260 ## - Pie de imprenta
Fecha de publicación, distribución, etc. 2018
300 ## - Descripción física
Extensión 221 páginas
505 ## - Nota de contenido
Nota de contenido Otros relatos: El aguacero; Kozuru; Todo por un melón; Manos danzantes; Un corcel desbocado; Shinzaemon, el samurái cascarrabias; Sin suerte
650 ## - Materia general
Temática (materia general) LITERATURA JAPONESA
650 ## - Materia general
Temática (materia general) CUENTOS JAPONESES
650 ## - Materia general
Temática (materia general) SAMURÁIS
942 ## - Punto de acceso adicional KOHA
Tipo de ítem KOHA Literatura
Fuente del sistema de clasificación o colocación Dewey Decimal Classification
Existencias
Signatura completa Código de barras Tipo de ítem
895.6 F961e 24452 Literatura
895.6 F961e 25743 Literatura